| 000 | 01243cab a2200217 4500 | ||
|---|---|---|---|
| 001 | ##L131296 | ||
| 008 | 051018n2005 000 0 eng u | ||
| 035 | _a(Sirsi) u131296 | ||
| 041 | 0 | _aeng | |
| 100 | 1 | _aGould, Nicholas | |
| 245 | 0 | 0 | _aConstruction Act review |
| 260 | _c2005 | ||
| 490 | 0 | 0 |
_aConstruction Law Journal _v21(6) 2005, 435-455(21) |
| 520 | _aReviews the case law surrounding the status of an adjudicator's decision and whether it creates a cause of action in its own right. Concludes that, although only temporary, the decision is binding and surpasses all other contract terms, except where a withholding notice with a similar effect to that in "Shimizu Europe Ltd v LBJ Fabrications Ltd" ([2003] EWHC 1229 (TCC), [2003] BLR 381) is provided for. The decision is subordinate only to an arbitrator's final award or the judgment of the court. | ||
| 590 | _aIKA251005 | ||
| 650 | 2 | 4 | _aSHIMIZU EUROPE LTD V L B J FABRICATIONS LTD |
| 650 | 2 | 4 | _aHOUSING GRANTS, CONSTRUCTION AND REGENERATION ACT 1996 |
| 651 | 4 |
_aEngland and Wales _y1543- |
|
| 690 | _aMANAGEMENT-DISPUTE AVOIDANCE, MANAGEMENT AND RESOLUTION-DISPUTE MANAGEMENT AND RESOLUTION-ALTERNATIVE DISPUTE RESOLUTION-ADJUDICATION-ADJUDICATION AWARDS | ||
| 942 | _n0 | ||
| 999 |
_c76028 _d76028 |
||